000 00968nam a22003377a 4500
001 BR8700700
003 BR-BrBNA
005 20230928092344.0
007 ta
008 230509b bl.||||| |||| 00| 0 por d
040 _aBR-BrBNA
_bpor
_cBiblioteca Nacional de Agricultura
041 _a(Por)
072 _aE11
_b/G514
090 _ E11 BR8700700
100 1 _aLoch, C.A.A.
100 1 _aSilva, F. da C.
100 1 _aSilva, J.C.M. da
100 1 _aMussoi, E.M.
100 1 _aPundek, J.C.
110 1 _aAssociacao de Credito e Assistencia Rural de Santa Catarina, Florianopolis (Brasil)
245 1 _aSanta Catarina: programa de reconstrucao das pequenas propriedades rurais [Brasil]
260 3 _aFlorianopolis, SC (Brasil):
_c1983.
300 _a17 p.
650 _aENCHENTE
650 _aPEQUENO PRODUTOR
650 _aAGRICULTURA
650 _aPECUARIA
650 _aSANTA CATARINA
909 _a202309
_bLucia
_c55
_dLucia Elande
942 _cBK
999 _c38541
_d38541